| 000 | 00665cam a2200241 i 4500 | ||
|---|---|---|---|
| 001 | 1734250 | ||
| 005 | 20180201065945.0 | ||
| 008 | 750401s1975 nyu bs 001 0 eng | ||
| 010 | _a 74028939 | ||
| 020 | _a0029277205 | ||
| 040 |
_aDLC _cDLC _dDLC |
||
| 041 | _aeng | ||
| 043 | _an-us--- | ||
| 060 | _aHQ536 S283a | ||
| 080 | _a301.420973 SCA | ||
| 082 | 0 | 0 | _a301.420973 SCA |
| 100 | 1 | _a50 | |
| 101 | _aSOC | ||
| 245 | 1 | 0 |
_aSex roles, life styles, and childbearing : _cJohn H. Scanzoni. |
| 504 | _aBibliography: p. 239-247. | ||
| 906 |
_a7 _bcbc _corignew _d1 _eocip _f19 _gy-gencatlg |
||
| 942 |
_2ddc _cBK |
||
| 999 |
_c41520 _d41520 |
||